000 00979nam a2200253Ia 4500
001 21736
005 20260407114116.0
008 260320s9999||||xx |||||||||||||| ||und||
020 _a9788426727206
041 _aESP
082 _a005.133
_bR26
100 _aRaschka, Sebastian,
_eAUT
245 0 _aPython machine learning :
_baprendizaje automático y aprendizaje profundo con Phython, scikit-learn y TensorFlow
250 _aSegunda edición
260 _aColombia
_bMarcombo,
_c2019
300 _a616 páginas :
_bilustraciones, gráficos ;
_c24 cm.
500 _a(Ciudad: [Colombia] tomado del catálogo WorldCat)
650 _aTCA
653 _aPython (Lenguaje de programación); Algoritmos (Computadores); Aprendizaje automático; Inteligencia artificial
654 _aCCC
700 _aMirjalili, Vahid,
_cAUT
856 _uhttps://ebooks-editorialmacro-com.ucsp.lookproxy.com/library
_zVéase además: Base de datos Macro Digital
942 _cLIB
_dJUS
_fMAT
_2ddc
999 _c21736
_d21736